[Event "AUTO-INT-19"]
[Site "http://www.queenalice.com/game.php?id=16732"]
[Date "2005.6.19"]
[Round "1"]
[White "Ravendark"]
[Black "pedaladarobinho"]
[Result "1-0"]
[WhiteElo "1457"]
[BlackElo "1340"]

1. e4 e5 2. Nf3 Nc6 3. Bc4 Bc5 4. c3 Qf6 5. O-O Be7 6. d3 d6 7. Bg5 Qg6 8. Qd2
h6 9. Bxe7 Ngxe7 10. Re1 h5 11. Ng5 Be6 12. Nxe6 fxe6 13. Na3 h4 14. h3 O-O-O
15. d4 exd4 16. cxd4 Rdf8 17. d5 Ne5 18. Be2 Rf3 19. Nb5 Rd3 20. Qa5 b6 21. Qxa7
Kd8 22. Qxc7+ Ke8 23. Nxd6+ Kf8 24. Qd8+ Qe8 25. Qxe8# 1-0

[Event "AUTO-INT-19"]
[Site "http://www.queenalice.com/game.php?id=16733"]
[Date "2005.6.19"]
[Round "1"]
[White "pedaladarobinho"]
[Black "Ravendark"]
[Result "0-1"]
[WhiteElo "1321"]
[BlackElo "1468"]

1. e4 d5 2. exd5 Nf6 3. Bc4 c6 4. dxc6 Nxc6 5. Bb5 Qb6 6. Bxc6+ Qxc6 7. Qf3 Qxc2
8. Na3 Qg6 9. Nh3 e6 10. d3 Bb4+ 11. Bd2 Bxd2+ 12. Kxd2 O-O 13. Nb5 Rd8 14. Nc7
Rb8 15. Rhe1 b5 16. Nf4 Qf5 17. d4 Rxd4+ 18. Kc1 Rxf4 19. Qd1 Rc4+ 20. Kd2 Rxc7
21. Ke2 Bb7 22. f3 Qe5+ 23. Kf1 Qxh2 24. Rc1 Rxc1 25. Qxc1 Nd5 26. Rd1 Rc8 27.
Qg5 h6 28. Qd2 Rd8 29. Qa5 Ne3+ 30. Ke2 Qxg2+ 31. Ke1 Rxd1# 0-1

[Event "AUTO-INT-19"]
[Site "http://www.queenalice.com/game.php?id=16748"]
[Date "2005.6.19"]
[Round "1"]
[White "denisaja"]
[Black "pedaladarobinho"]
[Result "1-0"]
[WhiteElo "1372"]
[BlackElo "1369"]

1. e3 e5 2. Bc4 d6 3. Qf3 Nh6 4. d4 exd4 5. exd4 Qf6 6. Bxh6 Qxf3 7. Nxf3 gxh6
8. O-O Rg8 9. Re1+ Be7 10. Nc3 Kf8 11. Nd5 Na6 12. Nxe7 Rg4 13. Bxa6 bxa6 14.
Nxc8 Rxc8 15. Re2 Rb8 16. c4 Rxb2 17. Rxb2 c5 18. Rb8+ Kg7 19. Rd8 cxd4 20. Rxd6
d3 21. Rxa6 Rxc4 22. Rxa7 Rc2 23. Rd7 Rc3 24. a4 Kf6 25. Rd6+ Kg7 26. a5 1-0

[Event "AUTO-INT-19"]
[Site "http://www.queenalice.com/game.php?id=16749"]
[Date "2005.6.19"]
[Round "1"]
[White "pedaladarobinho"]
[Black "denisaja"]
[Result "0-1"]
[WhiteElo "1373"]
[BlackElo "1355"]

1. e4 Nf6 2. e5 Ng8 3. Bc4 Nc6 4. Qf3 Nh6 5. d3 Nxe5 6. Qh5 Nxc4 7. dxc4 g6 8.
Qe5 f6 9. Qg3 Nf5 10. Qc3 Bh6 11. Bxh6 Nxh6 12. Nf3 O-O 13. Qd2 Nf5 14. g4 Nd6
15. g5 e6 16. Rg1 Nxc4 17. Qc1 fxg5 18. Nxg5 Qf6 19. Rg2 Qe5+ 20. Kf1 Ne3+ 21.
Kg1 Nxg2 22. Kxg2 Qe2 23. Kh1 Rxf2 24. Qg1 b6 25. Nc3 Bb7+ 0-1

[Event "AUTO-INT-19"]
[Site "http://www.queenalice.com/game.php?id=16760"]
[Date "2005.6.19"]
[Round "1"]
[White "pedaladarobinho"]
[Black "tewald"]
[Result "0-1"]
[WhiteElo "1400"]
[BlackElo "1649"]

1. e4 e5 2. Qh5 d6 3. Bc4 Nh6 4. d3 Bg4 5. Bg5 Be7 6. Bxe7 Qxe7 7. Bxf7+ Qxf7 8.
Qh4 O-O 9. h3 Be6 10. Ne2 Qf6 11. Qxf6 Rxf6 12. g4 g5 13. h4 gxh4 14. Rxh4 Nxg4
15. Nd2 Nxf2 16. Nf1 Nc6 17. Rh2 Raf8 18. Neg3 Nd4 19. Rc1 Nf3+ 20. Kxf2 Nxh2+
21. Kg1 Nxf1 22. Nxf1 Rg6+ 23. Kh1 Rf2 24. Nh2 Rgg2 25. Rg1 Bh3 26. Rxg2+ Rxg2
27. a3 Rxc2 28. b4 Rc3 29. Nf3 Rxd3 30. Ng5 Rxa3 31. Nxh3 Rxh3+ 32. Kg2 Rb3 0-1

[Event "AUTO-INT-19"]
[Site "http://www.queenalice.com/game.php?id=16761"]
[Date "2005.6.19"]
[Round "1"]
[White "tewald"]
[Black "pedaladarobinho"]
[Result "1-0"]
[WhiteElo "1677"]
[BlackElo "1381"]

1. d4 e6 2. c4 Nf6 3. Nf3 c5 4. e3 cxd4 5. exd4 d6 6. Bd3 e5 7. dxe5 dxe5 8.
Nxe5 Bd6 9. Nf3 Bc5 10. O-O O-O 11. Bg5 h6 12. Bh4 g5 13. Nxg5 hxg5 14. Bxg5 Bg4
15. Bxf6 Qxf6 16. Qxg4+ Qg7 17. Qxg7+ Kxg7 18. Nc3 Nc6 19. Ne4 Bd4 20. Rab1 Nb4
21. Be2 Nxa2 22. Ng3 Nb4 23. Nf5+ Kg8 24. Nxd4 Rfe8 25. b3 Rad8 26. Rbd1 Na2 27.
Bf3 b6 28. Nc6 Rxd1 29. Rxd1 Nc3 30. Ra1 a5 31. h4 Ne2+ 32. Bxe2 Rxe2 33. Rb1
Kg7 34. g3 Kg6 35. Kg2 Kh5 36. Nd4 Rd2 37. Nf3 Re2 38. Ng1 Rd2 39. Kf3 Rd3+ 40.
Ke4 Rd8 41. f4 Kg4 42. Ne2 f5+ 43. Ke3 Re8+ 44. Kf2 Re6 45. Rb2 Re8 46. Nc3 Re7
47. Nd5 Re6 48. Re2 Rxe2+ 49. Kxe2 1-0

[Event "Let's Play Chess!"]
[Site "http://www.queenalice.com/game.php?id=16823"]
[Date "2005.6.20"]
[Round "-"]
[White "pedaladarobinho"]
[Black "Jimbob"]
[Result "1-0"]
[WhiteElo "1338"]
[BlackElo "1334"]

1. e4 c6 2. Bc4 d5 3. exd5 cxd5 4. Bb3 e5 5. Qh5 Nc6 6. Nc3 Nf6 7. Qf3 e4 8. Qe2
Bb4 9. a3 Bxc3 10. dxc3 O-O 11. Qe3 Be6 12. h4 Re8 13. h5 Ne7 14. Qg3 h6 15.
Bxh6 Ng4 16. Bf4 1-0

[Event "AUTO-BEG-04"]
[Site "http://www.queenalice.com/game.php?id=17749"]
[Date "2005.6.28"]
[Round "1"]
[White "rio15"]
[Black "pedaladarobinho"]
[Result "0-1"]
[WhiteElo "1245"]
[BlackElo "1306"]

1. Nf3 e6 2. g3 Bc5 3. Bg2 Qf6 4. e3 b6 5. d4 Bb4+ 6. c3 Be7 7. Nbd2 Bb7 8. O-O
g5 9. e4 d6 10. e5 dxe5 11. dxe5 Qh6 12. Ne4 Bxe4 13. Bxg5 Bxg5 14. Qd4 Bxf3 15.
Bxf3 c6 16. Bxc6+ Nxc6 17. Qe4 Rc8 18. Rad1 f5 19. Qc4 f4 20. h4 Bxh4 21. Qxf4
Qxf4 22. gxf4 Nh6 23. Rd6 Nf5 24. Rxe6+ Nce7 25. Rd1 Rc6 26. Rxc6 Nxc6 27. b4
Rg8+ 28. Kf1 Rg4 29. b5 Na5 0-1

[Event "AUTO-BEG-04"]
[Site "http://www.queenalice.com/game.php?id=17750"]
[Date "2005.6.28"]
[Round "1"]
[White "pedaladarobinho"]
[Black "rio15"]
[Result "0-1"]
[WhiteElo "1325"]
[BlackElo "1245"]

1. e4 c5 2. Bc4 Nf6 3. Qf3 e6 4. e5 Nd5 5. Nc3 Nxc3 6. dxc3 Nc6 7. Nh3 Nxe5 8.
Qf4 Bd6 9. Qe4 Nxc4 10. Qxc4 O-O 11. Qg4 Qf6 12. Bg5 Qg6 13. O-O f6 14. Nf4 Bxf4
15. Qxf4 Qxg5 16. Qc7 b5 17. Qg3 Qxg3 18. fxg3 d5 19. Rae1 e5 20. h3 d4 21. cxd4
cxd4 22. h4 a5 23. g4 Bxg4 24. Kh2 b4 25. Kg3 h5 26. Re4 Rac8 27. Rf2 a4 28. Re1
b3 29. cxb3 axb3 30. axb3 Rb8 0-1

[Event "AUTO-BEG-04"]
[Site "http://www.queenalice.com/game.php?id=17760"]
[Date "2005.6.28"]
[Round "1"]
[White "ograum"]
[Black "pedaladarobinho"]
[Result "0-1"]
[WhiteElo "854"]
[BlackElo "1381"]

1. e4 e5 2. Bd3 Bc5 3. Nf3 Qf6 4. c4 d6 5. Nc3 Bg4 6. Nd5 Qd8 7. b4 Bd4 8. Rb1
c6 9. h3 Bxf3 10. Qxf3 Nh6 11. g4 cxd5 12. exd5 O-O 13. Bb2 Bxb2 14. Rxb2 Qf6
15. Qe3 Re8 16. Qg3 e4 17. Bc2 Qxb2 18. Bxe4 Rxe4+ 19. Kf1 Qc1+ 20. Kg2 Qxd2 21.
Qxd6 Na6 22. b5 Rf4 23. Qc7 Qxf2# 0-1